Discurso leido en la Universidad Literaria de Salamanca en la solemne apertura del curso de 1874 a 1875 (Record no. 160560)

MARC details
000 -LEADER
campo de control de longitud fija 00825nam a22001935i 4500
001 - NÚMERO DE CONTROL
campo de control 160560
003 - IDENTIFICADOR DE NÚMERO DE CONTROL
campo de control ES-MaACL
005 - FECHA Y HORA DE LA ÚLTIMA TRANSACCIÓN
campo de control 20250727024454.0
008 - DATOS DE LONGITUD FIJA--INFORMACIÓN GENERAL
campo de control de longitud fija 981002s1874 sp |||| | spa d
040 ## - FUENTE DE CATALOGACIÓN
Centro catalogador/agencia de origen CLM
Lengua de catalogación spa
Centro/agencia transcriptor CCPB | 3D
100 1# - ENTRADA PRINCIPAL--NOMBRE DE PERSONA
Nombre de persona Navarro e Izquierdo, Luciano.
9 (RLIN) 130408
245 10 - MENCIÓN DEL TÍTULO
Título Discurso leido en la Universidad Literaria de Salamanca en la solemne apertura del curso de 1874 a 1875
Resto del título : [tema: la antropología] /
Mención de responsabilidad, etc. por Luciano Navarro Izquierdo.
260 ## - PUBLICACIÓN, DISTRIBUCIÓN, ETC.
Lugar de publicación, distribución, etc. Salamanca :
Nombre del editor, distribuidor, etc. [s.n.],
Fecha de publicación, distribución, etc. 1874 (
Fabricante Imp. de Sebastián Cerezo)
300 ## - DESCRIPCIÓN FÍSICA
Extensión 40 p. ;
Dimensiones 31 cm.
650 #7 - PUNTO DE ACCESO ADICIONAL DE MATERIA--TÉRMINO DE MATERIA
Término de materia o nombre geográfico como elemento de entrada Antropología física
Fuente del encabezamiento o término embne
9 (RLIN) 9893
710 21 - ENTRADA AGREGADA--NOMBRE DE ENTIDAD CORPORATIVA
Nombre de entidad corporativa o nombre de jurisdicción como elemento de entrada Universidad Literaria de Salamanca.
9 (RLIN) 7390
852 ## - LOCALIZACIÓN
Ubicación ES-MaACL
Número de control de estantería T-169-F-13
Nota libre -- Enc. hol.
condición física -- Falto de la cub. original
Nota libre -- Enc. en un vol. facticio
Holdings
Estatus retirado Estado de pérdida Estado de daño No para préstamo Colección Biblioteca de origen Biblioteca actual Ubicación en estantería Fecha de adquisición Total de préstamos Signatura topográfica completa Código de barras Visto por última vez Precio de reemplazo Tipo de ítem Koha
        Colección de folletos Biblioteca del Ateneo de Madrid Biblioteca del Ateneo de Madrid Depósito folletos 17/01/2008   T-169-F-13 1168119 23/02/2023 23/02/2023 Folleto